000 00813nam a22002777a 4500
001 6929
003 FISKH
005 20250820100931.0
008 250610b cb ||||| |||| 00| 0 eng d
020 _a9780439221559
040 _aFISKH
_beng
_cFISKH
_dFISKH
050 _aPZ8.H2595 D
082 _a813.54
100 _aHouran, Lori Haskins
245 _aDucks in muck /
_cby Lori Haskins Houran ; illustrated by Valeria Petrone
260 _aNew York :
_bScholastic,
_c2000.
300 _a32 pages :
_bcolor illustrations ;
_c23 cm
505 _aaa
520 _aDucks escape from trucks that are stuck in the muck.
521 8 _a20
_bLexile
521 8 _aaa
_bRaz-Plus
650 _aBeginning Reader
_vFarm
_xFiction
700 _aPetrone, Valeria
942 _2ddc
_cBK
_n0
999 _c6929
_d6929